Responses for Show #4733 - Wednesday, March 16, 2005

2005 Ultimate Tournament of Champions Round 1, game 26.
Audio signaling system in play in sync with the game board lights.

Contestants

[<< previous game]

Jean Grewe, a graphic designer from Oak Park, Illinois

Eddie Timanus, a sportswriter from Oak Hill, Virginia

Jonathan Groff, a writer and producer for television from Los Angeles, California

[next game >>]

Jeopardy! Round responses

HISTORIC NAMES
I LOVE LUCY
"C" IN COOKING
FULL NELSON
MAD ABOUT SCIENTISTS
CAN I GET YOUR NUMBER?
    $200 1
Eleanor of Aquitaine

Jonathan
    $200 6
a candy kitchen

Jonathan
    $200 15
clam chowder

Jonathan
    $200 26
Nelson Rockefeller

Eddie
    $200 20
the arteries

Triple Stumper
    $200 10
81 (40 & 41)

Eddie
    $1,000 2
Hannibal

Jonathan
    $400 7
her (wedding) ring

Jonathan
    $400 16
(Eddie: What is chili powder?)

cumin

JonathanEddie
    $400 27
"Baby Face" Nelson

Jonathan
    $400 21
Isaac Newton

Jean
    $400 11
13

Jean
    $600 3
Pizarro

Jonathan
    $600 8
grapes

Jonathan
    $600 17
(Eddie: What is cast iron?)

copper

EddieJean
    $600 28
Lord Nelson

Eddie
    $600 22
the Sun

Eddie
    $600 12
5000

Jean
    $800 4
(Alex: Yes, Caesar's wife.)

Calpurnia

Eddie
    $800 9
BabalĂș

Eddie
    $800 18
chitlins

Jonathan
    $800 29
Nelson Riddle

Jean
    $800 24
the electron

Jonathan
    $800 13
(Eddie: Hmm. What is 173?)

218

JonathanEddie
    $1000 5
Briand

Jonathan
    $1000 14
The Brown Derby

Jonathan
    $1000 19
court-bouillon

Jean
    $1000 30
Nelson Algren

Triple Stumper
    $1000 25
carbon

Eddie
    $1000 23
[ERRATUM: Proper scientific notation for this number is 2.3 x 107.]

23 million

Jean

Scores at the first commercial break (after clue 14):

Jonathan Eddie Jean
$5,800 $1,000 $1,000

Scores at the end of the Jeopardy! Round:

Jonathan Eddie Jean
$8,400 $2,400 $4,800

Double Jeopardy! Round responses

THE LARGEST IN AREA
ROLLING STONE'S 500 GREATEST SONGS
AVIATION
____ OF THE ____
WORDS "INC"
PUBLISH OR PERISH
    $400 8
the Caspian Sea

Jonathan
    $400 13
Bob Dylan

Eddie
    $400 26
Boeing

Eddie
    $400 1
the Battle of the Bulge

Eddie
    $400 6
(Jonathan: What is a Cleveland?)

Cincinnati

JonathanJean
    $400 18
The Last Tycoon

Eddie
    $800 9
(Jonathan: What is Lake Ontario?)

Lake Huron

JonathanJean
    $800 14
"The Loco-Motion"

Eddie
    $800 30
the Blue Angels

Eddie
    $800 2
Acts of the Apostles

Jean
    $800 7
incorporate

Jonathan
    $800 19
(Eddie: Who is Emily?)

Anne Bronte

EddieJean
    $1200 10
(Eddie: What is Lake Champlain?)
(Jonathan: What is Lake Mead?)

Lake Okeechobee

JonathanEddieJean
    $1200 15
OutKast

Triple Stumper
    $1200 29
(Jonathan: What is Wright Air Force Base?)

Wright-Patterson Air Force Base

JonathanJean
    $1200 3
Speaker of the House

Eddie
    $1200 23
(Jonathan: What is a... incognito!?)

plainclothes

JonathanEddie
    $1200 20
The Mystery of Edwin Drood

Jonathan
    $1600 11
Lake Tanganyika

Jonathan
    $2,000 16
(Eddie: Gotta make it True.)

"California Dreamin'"

Eddie
    $1600 28
BOAC (or British Airways)

Triple Stumper
    $1600 4
Kiss of the Spider Woman

Triple Stumper
    $1600 24
The Peter Principle

Eddie
    $1600 21
Edith Wharton

Jonathan
    $2000 12
(Eddie: What is Lake Titicaca?)

Lake Maracaibo

JonathanEddie
    $2000 17
Boston

Jonathan
    $2000 27
SpaceShipOne

Eddie
    $2000 5
the Yeomen of the Guard

Jean
    $2000 25
St. Vincent de Paul

Triple Stumper
    $4,800 22
(Albert) Camus

Jonathan

Scores at the end of the Double Jeopardy! Round:

Jonathan Eddie Jean
$18,000 $9,600 $12,000

[wagering suggestions for these scores]

Final Jeopardy! Round responses

THE 2004 U.S. ELECTIONS
(Alex: She ran for the U.S. Senate and got over six million votes. Senator from California.)
EddieWHO IS BARBARA BOXER?
$9,600
JeanWho is ?
$8,000
JonathanWho is Barbara Boxer?
$6,001
Barbara Boxer

Final scores:

Jonathan Eddie Jean
$24,001 $19,200 $4,000
Winner: $24,001 + an advance to UToC Round 2 2nd place: $5,000 3rd place: $5,000

Game dynamics:

Coryat scores:

Jonathan Eddie Jean
$14,600 $9,200 $12,000
22 R
(including 2 DDs),
5 W
18 R
(including 1 DD),
6 W
14 R,
0 W

Combined Coryat: $35,800

[game clues] [game scores] [suggest correction]

Game tape date: 2005-02-23
The J! Archive is created by fans, for fans. Scraping, republication, monetization, and malicious use prohibited; this site may use cookies and collect identifying information. See terms. The Jeopardy! game show and all elements thereof, including but not limited to copyright and trademark thereto, are the property of Jeopardy Productions, Inc. and are protected under law. This website is not affiliated with, sponsored by, or operated by Jeopardy Productions, Inc. Join the discussion at JBoard.tv.